| 000 | 00773nam a2200241Ia 4500 | ||
|---|---|---|---|
| 003 | OSt | ||
| 005 | 20251018123236.0 | ||
| 008 | 210210b2010 xxu||||| |||| 00| 0 eng d | ||
| 020 | _a9788191009514 | ||
| 040 | _cAL | ||
| 041 | _akan | ||
| 082 | _a001.64K NIRG | ||
| 100 |
_aNirmala G V _9242504 |
||
| 110 |
_aನಿರ್ಮಲ ಜಿ ವಿ _9242516 |
||
| 245 |
_aGanaka lokadolage ondu payana : M S office mattu nudi _b: ಗಣಕ ಲೋಕದೊಳಗೆ ಒಂದು ಪಯಣ : ಎಂ ಎಸ್ ಆಫಿಸ್ ಮತ್ತು ನುಡಿ |
||
| 260 |
_aBengaluru _b- _c2010 |
||
| 300 | _aviii,258p | ||
| 690 |
_aComputer Science _9242514 |
||
| 700 |
_aKshama S _9242515 |
||
| 710 |
_aಕ್ಷಮ ಎಸ್ _9242517 |
||
| 906 | _a065219 | ||
| 942 |
_2ddc _cBK |
||
| 999 |
_c142192 _d142192 |
||